Problemas de álgebra lineal para economía /

Guardado en:
Detalles Bibliográficos
Autor principal: Heras Martínez, Antonio (autor)
Otros autores: Vilar Zanón, José Luis (autor) (autor)
Formato: Libro
Idioma:Español
Publicado: Madrid, España : AC : Thomson, 2002, c2002
Temas:
Etiquetas: Agrega una etiqueta
Sin etiquetas, Sé el primero en etiquetar este registro!

MARC

LEADER 00000nam^a2200000^a^4500
001 000161513
005 20250521000000.0
009 20260310100802.092
020 |a 84-7288-110-5 
037 |a Acervo ITESO - Biblioteca 
041 |a ESP 
082 |a 512. 5076  |b HER 
100 |a Heras Martínez, Antonio  |e (autor) 
245 1 0 |a Problemas de álgebra lineal para economía /  |c A. Heras Martínez, J.L. Vilar Zanón ; pról. de Senesio Gutiérrez Valdeón. 
264 4 |a Madrid, España :  |b AC :  |b Thomson,  |c 2002, c2002 
300 |a XI, 433 p. 
336 |a texto  |b txt  |2 rdacontenido 
337 |a sin mediación  |b n  |2 rdamedio 
338 |a volumen  |b nc  |2 rdasoporte 
649 |a XX 
650 |a Algebra Lineal -  |x Problemas, Ejercicios, etc. -  |x Tema Principal 
650 |a Matemáticas Financieras 
650 |a Economía Matemática 
650 |a Matemáticas 
700 |a Vilar Zanón, José Luis  |e (autor) 
910 |a Fondo General 
920 |a Impresos - Libros 
930 |a Colección General 
905 |a 101 
901 |a 0500093532  |b IT1  |c ACC  |u 20250521 
902 |a https://opac.biblio.iteso.mx/vufind/Record/000161513